Normal view
MARC view
- López Escrivá, Ana,
Entry Nombre Personal
001 - NUMERO DE CONTROL
- campo de control: 33312
003 - IDENTIFICADOR DE NUMERO DE CONTROL
- campo de control: UPN
005 - FECHA Y HORA DE LA ÜLTIMA TRANSACCIÓN
- campo de control: 20210219194441.0
008 - DATOS DE LONGITUD FIJA
- campo de control de longitud fija: nabaccnnaabn|||||||||| b |nc|||||d
035 ## - NUMERO DE CONTROL
- Número de control: UPN11000005419
040 ## - FUENTE DE CATALOGACIÓN
- Lenguaje de catalogación: SPA
- Agencia de transcripción: UPN
100 1# - ENCABEZAMIENTO - NOMBRE PERSONAL
- Nombre personal: López Escrivá, Ana,
- Fechas asociadas con el nombre: 1967-
670 ## - FUENTE EN LA QUE SE LOCALIZARON DATOS
- Cita de la fuente: Internet
- Información localizada: http://sol-e.com/bancorecursos/museo.php?letra=L&id_tabla=989&seccion=Biografia
680 ## - NOTA PUBLICA DE ACCESO PÚBLICO
- Frase explicativa de la referencia: Escritora e ilustradora española
902 ## - CATALOGADOR
- Catalogador: MCM/120313
